[Event "FISU World University"]
[Site "Tornelo INT"]
[Date "2020.10.26"]
[Round "1.12"]
[White "Hernandez Rendon, Carlos A"]
[Black "Picos Maiztegui, Miguel"]
[Result "1-0"]
[WhiteElo "1838"]
[BlackElo "2083"]
[PlyCount "71"]
[EventDate "2020.10.26"]
[EventType "team-swiss (rapid)"]
[EventRounds "9"]
[EventCountry "NET"]
[SourceTitle "CBM 199 Extra"]
[Source "ChessBase"]
[SourceDate "2021.01.31"]
[SourceVersion "1"]
[SourceVersionDate "2021.01.31"]
[SourceQuality "1"]
[WhiteTeam "Mexico V"]
[BlackTeam "Spain II"]
[WhiteTeamCountry "MEX"]
[BlackTeamCountry "ESP"]

1. e4 c5 2. Nf3 e6 3. d4 cxd4 4. Nxd4 a6 5. Bd3 Bc5 6. Nb3 Ba7 7. Qg4 Nf6 8. Qg3 h5 9. Bg5 d6 10. Nc3 Nc6 11. 0-0-0 Ne5 12. f4 Neg4 13. e5 h4 14. Qe1 Nf2 15. Ne4 Nxd1 16. Kxd1 dxe5 17. fxe5 Nxe4 18. Bxd8 Nf2+ 19. Kc1 Nxh1 20. Bxh4 Bd7 21. Qb4 Be3+ 22. Kb1 g5 23. Qxb7 Rc8 24. Be1 Rxh2 25. a3 Nf2 26. Bxf2 Bxf2 27. Bxa6 Rh1+ 28. Ka2 Rd8 29. Bb5 Re1 30. Bxd7+ Rxd7 31. Qb4 Rd5 32. Na5 Bc5 33. Qb8+ Ke7 34. Nc6+ Kd7 35. Qb7+ Ke8 36. Qc8+ 1-0

[Event "ESP-ch U18"]
[Site "Granada"]
[Date "2016.07.26"]
[Round "3"]
[White "Centron Antuna, Daniel"]
[Black "Picos Maiztegui, Miguel"]
[Result "1-0"]
[WhiteElo "2217"]
[BlackElo "2094"]
[PlyCount "57"]
[EventDate "2016.07.25"]
[EventType "swiss"]
[EventRounds "9"]
[EventCountry "ESP"]
[SourceTitle "EXT 2024"]
[Source "ChessBase"]
[SourceDate "2023.10.10"]
[SourceVersion "1"]
[SourceVersionDate "2023.10.10"]
[SourceQuality "1"]

1. Nf3 c5 2. d4 cxd4 3. Nxd4 e5 4. Nb5 d6 5. e4 a6 6. N5c3 Nf6 7. a4 Be6 8. Bg5 Be7 9. Bxf6 gxf6 10. Nd5 Nc6 11. Bc4 f5 12. Qh5 fxe4 13. Nbc3 Nd4 14. 0-0 Rc8 15. Ba2 0-0 16. Nxe4 Rxc2 17. Nxe7+ Qxe7 18. Bb1 f5 19. Bxc2 Nxc2 20. Rac1 Nd4 21. Ng5 Bd5 22. Rc3 Bc6 23. Rg3 f4 24. Rg4 Kh8 25. Rd1 Bxa4 26. Rd3 Bc2 27. Nxh7 Bxd3 28. Nxf8+ Bh7 29. Ng6+ 1-0

[Event "ESP-ch U18"]
[Site "Salobrena"]
[Date "2015.07.27"]
[Round "2"]
[White "Picos Maiztegui, Miguel"]
[Black "Ponce Cano, Adrian"]
[Result "1-0"]
[WhiteElo "2023"]
[BlackElo "2183"]
[PlyCount "67"]
[EventDate "2015.07.27"]
[EventType "swiss"]
[EventRounds "9"]
[EventCountry "ESP"]
[SourceTitle "EXT 2016"]
[Source "ChessBase"]
[SourceDate "2015.10.08"]
[SourceVersion "1"]
[SourceVersionDate "2015.10.08"]
[SourceQuality "1"]

1. e4 c5 2. Nf3 a6 3. c3 b5 4. d4 cxd4 5. cxd4 Bb7 6. Bd3 e6 7. 0-0 g6 8. Bg5 Qb6 9. Be3 Bg7 10. Nc3 Nf6 11. e5 Nd5 12. Ne4 0-0 13. Rc1 Nc6 14. Nc5 Nxe3 15. fxe3 Rad8 16. Ng5 Ne7 17. Nxb7 Qxb7 18. Ne4 Nf5 19. Qf3 Qd5 20. Qh3 f6 21. exf6 Bxf6 22. g4 Qxa2 23. gxf5 exf5 24. Nxf6+ Rxf6 25. Qg2 Qe6 26. Rfe1 Rdf8 27. Rc5 d6 28. Rc6 f4 29. e4 Qb3 30. Qc2 Qe6 31. Rxa6 Qg4+ 32. Qg2 f3 33. Qxg4 f2+ 34. Kf1 1-0